000 00467nam a2200169 i 4500
001 72053
003 ES-MaACL
005 20230906171318.0
007 t|
008 040825s1971 sp ||||1| spa d
100 1 _aGil Muñoz, Carlos.
_956850
245 1 0 _aFormentera, una comunidad en evolución /
_cCarlos Gil Muñoz.
250 _a[1ª ed.].
260 _a[Barcelona] :
_bDopesa,
_c[1971]
300 _a193 p. ;
_c19 cm.
852 _aES-MaACL
_jC-43844
_bR.79434
999 _c72053
_d72053